000 00463nam a2200169Ia 4500
008 230917s9999||||xx |||||||||||||| ||und||
020 _cUSD 90.00 (RS 6452.10)
040 _e5006804
_aMAIN
041 _aEnglish
082 _a647.94068 H797H
100 _a3G E-Learning
245 0 _aHotel and restaurant design
260 _aNew York
_b3G E-Learning
_c2019
300 _axii, 282 p.
500 _a3923 01/01/2020 IBS20/237 03/01/2020 Main Budget
942 _cBK
999 _c1134
_d1134